Erik H. Erikson; the growth of his work (Record no. 545)
[ view plain ]
| 000 -LEADER | |
|---|---|
| fixed length control field | 00784nam a2200217 a 4500 |
| 005 - DATE AND TIME OF LATEST TRANSACTION | |
| control field | 20260322212024.0 |
| 008 - FIXED-LENGTH DATA ELEMENTS--GENERAL INFORMATION | |
| fixed length control field | data |
| 010 ## - LIBRARY OF CONGRESS CONTROL NUMBER | |
| LC control number | 77-121442 //r84 |
| 096 ## - LOCALLY ASSIGNED NLM-TYPE CALL NUMBER (OCLC) | |
| Classification number | WZ 100 E68c 1970 |
| 001 - CONTROL NUMBER | |
| control field | data |
| 100 1# - MAIN ENTRY--PERSONAL NAME | |
| Personal name | Coles, Robert. |
| 245 10 - TITLE STATEMENT | |
| Title | Erik H. Erikson; the growth of his work |
| Statement of responsibility, etc. | Robert Coles. |
| 250 ## - EDITION STATEMENT | |
| Edition statement | [1st ed.] |
| 260 ## - PUBLICATION, DISTRIBUTION, ETC. | |
| Place of publication, distribution, etc. | Boston |
| Name of publisher, distributor, etc. | Little, Brown |
| Date of publication, distribution, etc. | 1970 |
| 300 ## - PHYSICAL DESCRIPTION | |
| Extent | xxi, 440 p. : |
| Other physical details | port. ; |
| Dimensions | 25 cm. |
| 500 ## - GENERAL NOTE | |
| General note | "An Atlantic Monthly Press book." |
| 500 ## - GENERAL NOTE | |
| General note | "The writings of Erik H. Erikson": p. [421]-425. |
| 650 #4 - SUBJECT ADDED ENTRY--TOPICAL TERM | |
| Topical term or geographic name entry element | Erikson, Erik H. (Erik Homburger), 1902-. |
| 650 02 - SUBJECT ADDED ENTRY--TOPICAL TERM | |
| Topical term or geographic name entry element | Psychoanalysis |
| General subdivision | history |
| 856 40 - ELECTRONIC LOCATION AND ACCESS | |
| Uniform Resource Identifier | <a href="https://openlibrary.org/works/OL1961276W/Erik_H._Erikson?edition=erikheriksongrow00colerich">https://openlibrary.org/works/OL1961276W/Erik_H._Erikson?edition=erikheriksongrow00colerich</a> |
| Link text | Online access from the Open Library. |
| Public note | Requires free sign up. |
| Withdrawn status | Lost status | Damaged status | Not for loan | Home library | Current library | Shelving location | Date acquired | Total checkouts | Full call number | Barcode | Date last seen | Price effective from | Koha item type |
|---|---|---|---|---|---|---|---|---|---|---|---|---|---|
| Centerville | Centerville | General stacks | 22/03/2026 | GEN | BC0010558 | 22/03/2026 | 22/03/2026 | Books |